[Event "Württ Kandidatenturnier"]
[Site "Stuttgart"]
[Date "2015.08.30"]
[Round "2.6"]
[White "Heer, Till"]
[Black "Kolb, Roland"]
[Result "1-0"]
[WhiteElo "1912"]
[BlackElo "2007"]
[PlyCount "47"]
[EventDate "2015.??.??"]
[EventCountry "GER"]
[WhiteTeam "SF Kornwestheim"]
[BlackTeam "SF Oeffingen"]

1. e4 {[%emt 0:00:00]} b6 {[%emt 0:00:00]} 2. d4 {[%emt 0:00:00]} Bb7 3. Bd3 e6
4. Nf3 c5 5. c3 cxd4 6. cxd4 Bb4+ 7. Bd2 Bxd2+ 8. Nbxd2 Nf6 9. e5 Nh5 10. Ne4
O-O 11. Nfg5 Nf4 12. g3 Nxd3+ 13. Qxd3 g6 14. Nf6+ Kg7 15. Nge4 Ba6 16. Qd2 Nc6
17. Ng4 g5 18. h4 Nxd4 19. Qxd4 Rc8 20. Ngf6 g4 21. Qe3 Rh8 22. Qg5+ Kf8 23.
Qh6+ Ke7 24. Nd5+ 1-0

[Event "Württ Kandidatenturnier"]
[Site "Stuttgart"]
[Date "2015.08.30"]
[Round "2.7"]
[White "Ruff, Robert"]
[Black "Klaus, Dominik"]
[Result "0-1"]
[WhiteElo "1841"]
[BlackElo "1980"]
[PlyCount "152"]
[EventDate "2015.??.??"]
[EventCountry "GER"]
[WhiteTeam "SK Sachsenheim"]
[BlackTeam "Ssg Fils-Lauter"]

1. d4 Nf6 2. c4 e6 3. Nc3 Bb4 4. e3 b6 5. Nge2 Bb7 6. a3 Be7 7. Qc2 c5 8. e4 d6
9. d5 e5 10. Ng3 O-O 11. Nf5 Ne8 12. Nxe7+ Qxe7 13. Bd3 Bc8 14. O-O g6 15. Bh6
Ng7 16. f4 exf4 17. Bxf4 Nd7 18. Rae1 Ne5 19. b3 f6 20. Be2 Bd7 21. h3 h5 22.
Qd2 Rae8 23. Bd1 a6 24. a4 Kh7 25. Rf2 Rb8 26. Ref1 Ne8 27. Be2 Nc7 28. Qd1 Rf7
29. Kh1 b5 30. cxb5 axb5 31. a5 b4 32. Na4 Nb5 33. Qc2 Nd4 34. Qb1 Nxe2 35.
Rxe2 Bb5 36. Ra2 Bxf1 37. Qxf1 f5 38. Bxe5 dxe5 39. Nb6 fxe4 40. Qe2 Qf6 41.
Qxe4 Qf1+ 42. Kh2 Qf4+ 43. Qxf4 Rxf4 44. Nd7 Rd8 45. Nxe5 Rxd5 46. Nf3 Rf7 47.
h4 Ra7 48. Nd2 Rd3 49. Kg1 Rad7 50. Nc4 Ra7 51. Nd2 Kg7 52. Kf1 Kf7 53. Ke2 Rc3
54. a6 Ke7 55. Ra5 Kd8 56. Ne4 Rxb3 57. Nxc5 Ra3 58. Rb5 b3 59. Kd3 Ra2 60.
Rxb3 Rxg2 61. Kc4 Rg4+ 62. Kd5 Rxh4 63. Kc6 Rc4 64. Kb6 Ra8 65. Kb7 Rxa6 66.
Nxa6 h4 67. Nc7 Rxc7+ 68. Kb6 Rh7 69. Kc6 Ke8 70. Kd6 Kf7 71. Ke5 Rh5+ 72. Ke4
h3 73. Rb7+ Kf6 74. Rb6+ Kg5 75. Kf3 Kh6 76. Kg3 h2 0-1

[Event "Württ Kandidatenturnier"]
[Site "Stuttgart"]
[Date "2015.08.30"]
[Round "2.8"]
[White "Wendler, Werner"]
[Black "Lüdke, Joshua"]
[Result "1-0"]
[WhiteElo "2056"]
[BlackElo "1823"]
[PlyCount "97"]
[EventDate "2015.??.??"]
[EventCountry "GER"]
[WhiteTeam "SK Bebenhausen"]
[BlackTeam "SV Marbach"]

1. d4 d5 2. c4 c6 3. Nf3 Nf6 4. e3 Bf5 5. Nc3 e6 6. Be2 Nbd7 7. O-O Bd6 8. b3
O-O 9. Bb2 Ne4 10. Nxe4 dxe4 11. Ne1 Qg5 12. Bc1 Nf6 13. f4 Qg6 14. Kh1 h5 15.
Nc2 Qh6 16. Ba3 Bxa3 17. Nxa3 Kh7 18. c5 Rg8 19. Nc4 g5 20. Ne5 Rg7 21. g4 hxg4
22. Bxg4 Rh8 23. Bxf5+ exf5 24. fxg5 Qxg5 25. Qe2 Kg8 26. Rg1 Ng4 27. Nxg4 fxg4
28. Rg3 f5 29. Rf1 Rgh7 30. Rf2 Rh3 31. Rfg2 Kf8 32. Kg1 Rxg3 33. hxg3 Rh3 34.
Kf2 Qh6 35. Ke1 Rh1+ 36. Kd2 Ra1 37. Kc3 Qh1 38. Qf2 Rf1 39. Qe2 Rf3 40. Kb4
Qc1 41. Rh2 Kg7 42. Rh5 Kg6 43. Rh8 Rxg3 44. Qh2 Qe1+ 45. Ka4 b5+ 46. cxb6 Qxe3
47. Qh5+ Kf6 48. Rf8+ Ke7 49. Qf7+ 1-0

[Event "Württ Kandidatenturnier"]
[Site "Stuttgart"]
[Date "2015.08.30"]
[Round "2.9"]
[White "Langjahr, Marius"]
[Black "Pflaum, Stefan"]
[Result "0-1"]
[WhiteElo "1784"]
[BlackElo "2064"]
[PlyCount "58"]
[EventDate "2015.??.??"]
[EventCountry "GER"]
[WhiteTeam "SK Sachsenheim"]
[BlackTeam "SC Botnang"]

1. d4 f5 2. c4 Nf6 3. Nc3 d6 4. Nf3 g6 5. g3 Bg7 6. Bg2 O-O 7. O-O Qe8 8. Bf4
Nh5 9. Bg5 h6 10. Be3 f4 11. Bc1 c6 12. e3 e5 13. Ne4 Bg4 14. Nxd6 Qe6 15. dxe5
fxg3 16. fxg3 Bxe5 17. Nxb7 Nd7 18. Nd4 Bxd4 19. Qxd4 Rxf1+ 20. Bxf1 Ne5 21.
Bg2 Nf3+ 22. Bxf3 Bxf3 23. e4 Nxg3 24. hxg3 Qh3 25. Kf2 Qg2+ 26. Ke3 Qe2+ 27.
Kf4 Re8 28. Nc5 Bg4 29. Qe3 g5# 0-1

[Event "Württ Kandidatenturnier"]
[Site "Stuttgart"]
[Date "2015.08.30"]
[Round "2.10"]
[White "Junginger, Andreas"]
[Black "Schreiber, Hans"]
[Result "0-1"]
[WhiteElo "1999"]
[BlackElo "1892"]
[PlyCount "56"]
[EventDate "2015.??.??"]
[EventCountry "GER"]
[WhiteTeam "SV Reutlingen"]
[BlackTeam "SV Dicker Turm Esslingen"]

1. e4 c5 2. Nf3 e6 3. d3 Nc6 4. g3 g6 5. Bg2 Bg7 6. O-O Nge7 7. Nbd2 O-O 8. c3
b5 9. e5 Rb8 10. d4 cxd4 11. cxd4 f6 12. exf6 Bxf6 13. Ne4 Bg7 14. Bf4 Rxf4 15.
gxf4 Nd5 16. Ne5 Nxf4 17. Nxc6 dxc6 18. Qf3 Qf8 19. Rad1 e5 20. dxe5 Bxe5 21.
Rd2 Be6 22. Nc3 Qh6 23. h3 Bxh3 24. Bxh3 Nxh3+ 25. Kg2 Nf4+ 26. Kg1 Qg5+ 27.
Kh1 Qh6+ 28. Kg1 Ne2+ 0-1

[Event "Württ Kandidatenturnier"]
[Site "Stuttgart"]
[Date "2015.08.30"]
[Round "2.11"]
[White "Mierzwa, Robert"]
[Black "Imhof, Thomas"]
[Result "0-1"]
[WhiteElo "1900"]
[BlackElo "1950"]
[PlyCount "90"]
[EventDate "2015.??.??"]
[EventCountry "GER"]
[WhiteTeam "SC Weiße Dame Ulm"]
[BlackTeam "SGem Vaihingen-Rohr"]

1. d4 Nf6 2. c4 e6 3. Nf3 b6 4. g3 Ba6 5. b3 Bb4+ 6. Bd2 Be7 7. Bg2 O-O 8. O-O
c6 9. Bc3 d5 10. Nbd2 Nbd7 11. Re1 c5 12. e4 dxe4 13. Nxe4 Nxe4 14. Rxe4 Bf6
15. Qc2 cxd4 16. Nxd4 Bb7 17. Rh4 Bxh4 18. Bxb7 Bf6 19. Rd1 Qc7 20. Bxa8 Rxa8
21. Qe4 Rd8 22. Nb5 Qb8 23. Bxf6 gxf6 24. Qg4+ Kf8 25. Qh5 Kg7 26. Rd4 f5 27.
Nd6 Ne5 28. Nxf5+ Kf8 29. Qh6+ Ke8 30. Ng7+ Ke7 31. Rxd8 Qxd8 32. Qg5+ f6 33.
Qe3 Qd1+ 34. Kg2 Qg4 35. f4 Nd7 36. f5 Qxg7 37. Qxe6+ Kd8 38. Qd5 Qg4 39. Kf2
Kc7 40. b4 Ne5 41. c5 Qxf5+ 42. Kg2 Qd7 43. cxb6+ axb6 44. Qb3 Qc6+ 45. Kh3 Qe4
0-1

[Event "Württ Kandidatenturnier"]
[Site "Stuttgart"]
[Date "2015.08.30"]
[Round "2.12"]
[White "Siegle, Florian"]
[Black "Zimmermann, Tobias"]
[Result "1/2-1/2"]
[WhiteElo "1944"]
[BlackElo "1804"]
[PlyCount "50"]
[EventDate "2015.??.??"]
[EventCountry "GER"]
[WhiteTeam "Stuttgarter SF"]
[BlackTeam "SC Botnang"]

1. d4 {[%emt 0:00:00]} d5 {[%emt 0:00:00]} 2. Nf3 Nf6 3. c4 dxc4 4. e3 e6 5.
Bxc4 c5 6. O-O Nc6 7. dxc5 Qxd1 8. Rxd1 Bxc5 9. a3 Bd7 10. b4 Bb6 11. Bb2 Ke7
12. Ne5 Nxe5 13. Bxe5 Ba4 14. Bd6+ Kd7 15. Rd3 Bc2 16. Bb5+ Kd8 17. Bc7+ Kxc7
18. Rc3+ Kd6 19. Rxc2 Rac8 20. Nc3 Ke7 21. Rac1 Rhd8 22. Nd5+ Rxd5 23. Rxc8
Rxb5 24. Rb8 Bd8 25. Rcc8 Nd7 1/2-1/2

[Event "Württ Kandidatenturnier"]
[Site "Stuttgart"]
[Date "2015.08.30"]
[Round "2.13"]
[White "Petzelberger, Ferdinand"]
[Black "Mayer, Dietmar"]
[Result "0-1"]
[WhiteElo "1934"]
[BlackElo "1747"]
[PlyCount "34"]
[EventDate "2015.??.??"]
[EventCountry "GER"]
[WhiteTeam "VfL Sindelfingen"]
[BlackTeam "SC Böblingen"]

1. e4 e5 2. Nf3 Nf6 3. Nxe5 d6 4. Nf3 Nxe4 5. Nc3 Nxc3 6. dxc3 Be7 7. Be3 Nc6
8. Qd2 Be6 9. O-O-O Bxa2 10. b3 a5 11. Kb2 a4 12. Kxa2 axb3+ 13. Kxb3 Ra5 14.
Bc4 Qa8 15. Kb2 d5 16. Bb3 Ba3+ 17. Kb1 Bc1 0-1

[Event "Württ Kandidatenturnier"]
[Site "Stuttgart"]
[Date "2015.08.30"]
[Round "2.14"]
[White "Holzinger, Eugen"]
[Black "Offergeld, Detlef"]
[Result "1/2-1/2"]
[WhiteElo "2065"]
[BlackElo "1721"]
[PlyCount "39"]
[EventDate "2015.??.??"]
[EventCountry "GER"]
[WhiteTeam "SF HN-Biberach"]
[BlackTeam "SF HN-Biberach"]

1. Nf3 b6 2. c4 Bb7 3. Nc3 Nf6 4. d3 e6 5. e4 d6 6. Be2 Be7 7. O-O O-O 8. Bg5
Nbd7 9. Ne1 Ne8 10. Bxe7 Qxe7 11. f4 f5 12. exf5 exf5 13. Bf3 Bxf3 14. Qxf3
Nef6 15. Nc2 Rac8 16. Nd4 Ng4 17. Nd5 Qh4 18. Qh3 Qd8 19. Nc6 Qe8 20. Rae1
1/2-1/2

[Event "Württ Kandidatenturnier"]
[Site "Stuttgart"]
[Date "2015.08.30"]
[Round "2.15"]
[White "Baumeister, Jürgen"]
[Black "Meier, Michael"]
[Result "0-1"]
[WhiteElo "1823"]
[BlackElo "2013"]
[PlyCount "50"]
[EventDate "2015.??.??"]
[EventCountry "GER"]
[WhiteTeam "SC Asperg"]
[BlackTeam "SSV Zuffenhausen"]

1. Nc3 g6 2. d4 f5 3. e4 fxe4 4. Nxe4 Bg7 5. Bg5 b6 6. Nf3 Bb7 7. Bd3 Nf6 8.
Qe2 O-O 9. O-O-O Nc6 10. c3 Qe8 11. Qd2 Na5 12. Rde1 Qf7 13. b3 e6 14. c4 d5
15. Nc3 c5 16. Ne5 Qe8 17. dxc5 Ne4 18. Bxe4 dxe4 19. Ng4 Rd8 20. Qc2 Qd7 21.
h3 h5 22. Nh2 Qd3 23. Qxd3 exd3 24. Kd2 Rxf2+ 25. Kd1 Bxc3 0-1

[Event "Württ Kandidatenturnier"]
[Site "Stuttgart"]
[Date "2015.08.30"]
[Round "2.16"]
[White "Schuster, Gerhard"]
[Black "Engelhardt, Frank"]
[Result "1-0"]
[WhiteElo "2011"]
[BlackElo "1794"]
[PlyCount "47"]
[EventDate "2015.??.??"]
[EventCountry "GER"]
[WhiteTeam "SC Feuerbach"]
[BlackTeam "SC Botnang"]

1. e4 c5 2. Nf3 e6 3. c3 Nc6 4. Bb5 Qb6 5. Qe2 a6 6. Ba4 Qc7 7. O-O b5 8. Bc2
d6 9. d4 cxd4 10. cxd4 Nf6 11. d5 Ne5 12. Nxe5 dxe5 13. Nc3 Bd7 14. Bb3 Bb4 15.
Bg5 Bxc3 16. bxc3 Qxc3 17. Rac1 Qb4 18. Bxf6 gxf6 19. dxe6 fxe6 20. Rfd1 a5 21.
Qh5+ Ke7 22. Rxd7+ Kxd7 23. Qf7+ Kd8 24. Qxf6+ 1-0

[Event "Württ Kandidatenturnier"]
[Site "Stuttgart"]
[Date "2015.08.30"]
[Round "2.17"]
[White "Schömbs, Oliver"]
[Black "Schreiber, Stephan"]
[Result "1-0"]
[WhiteElo "1917"]
[BlackElo "1792"]
[PlyCount "93"]
[EventDate "2015.??.??"]
[EventCountry "GER"]
[WhiteTeam "SC Ingersheim"]
[BlackTeam "SC Botnang"]

1. e4 c5 2. Nf3 d6 3. d4 cxd4 4. Nxd4 Nf6 5. Nc3 a6 6. Be3 e6 7. Be2 Be7 8. g4
O-O 9. g5 Nfd7 10. h4 f6 11. Nxe6 Qa5 12. Nxf8 Nxf8 13. gxf6 Bxf6 14. Qd5+ Qxd5
15. Nxd5 Bd8 16. O-O-O Be6 17. Nf4 Bf7 18. Rxd6 Nc6 19. Kb1 Bf6 20. Nh5 Be7 21.
Rdd1 Ng6 22. f4 Re8 23. f5 Nf8 24. Nf4 Bf6 25. Nd5 Bxd5 26. Rxd5 Rxe4 27. Rh3
Ne7 28. Rc5 Bxh4 29. Bd3 Rg4 30. Rc7 b5 31. Rxh4 Rxh4 32. Rxe7 Rh1+ 33. Bc1 h5
34. Be4 Rf1 35. b3 h4 36. Bd5+ Kh8 37. Re4 g5 38. fxg6 Nxg6 39. Rg4 Kh7 40. Be4
Rf6 41. Rxh4+ Kg8 42. Rg4 Kf7 43. Kb2 Ne5 44. Bd5+ Ke7 45. Re4 Re6 46. Kc3 Nc6
47. Bg5+ 1-0

[Event "Württ Kandidatenturnier"]
[Site "Stuttgart"]
[Date "2015.08.30"]
[Round "2.18"]
[White "Freiherr von Hauff, Christopher V"]
[Black "Yi, Danny"]
[Result "0-1"]
[WhiteElo "1858"]
[BlackElo "1745"]
[PlyCount "80"]
[EventDate "2015.??.??"]
[EventCountry "GER"]
[WhiteTeam "SK Bebenhausen"]
[BlackTeam "SF Kornwestheim"]

1. e4 e5 2. f4 Bc5 3. Nf3 d6 4. Nc3 Nc6 5. Bb5 Bg4 6. Na4 Bb6 7. Nxb6 axb6 8.
Bxc6+ bxc6 9. O-O Nf6 10. h3 Bxf3 11. Qxf3 O-O 12. d3 Qe7 13. f5 d5 14. Be3
dxe4 15. dxe4 Qb4 16. Rfe1 Qxb2 17. Bg5 Qxc2 18. Rac1 Qa4 19. Bxf6 gxf6 20.
Qg4+ Kh8 21. Qh4 Qd4+ 22. Kh1 Qd6 23. Red1 Qe7 24. Rxc6 Rxa2 25. Rdc1 Ra7 26.
Qh6 Rg8 27. Rxf6 Ra2 28. Rg1 Re2 29. Qh5 Rexg2 30. Rxg2 Qxf6 31. Rc2 Qg7 32.
Qd1 Qg3 33. Qf1 Qh4 34. Rxc7 Qxe4+ 35. Kh2 Qd5 36. Qe2 b5 37. Re7 f6 38. Re6
Qd4 39. Qf1 Qd2+ 40. Qg2 Qxg2# 0-1

[Event "Württ Kandidatenturnier"]
[Site "Stuttgart"]
[Date "2015.08.30"]
[Round "2.19"]
[White "Bauer, Dieter"]
[Black "Wendler, David"]
[Result "0-1"]
[WhiteElo "1704"]
[BlackElo "1857"]
[PlyCount "68"]
[EventDate "2015.??.??"]
[EventCountry "GER"]
[WhiteTeam "SF Kornwestheim"]
[BlackTeam "SK Bebenhausen"]

1. d4 Nf6 2. Nf3 g6 3. Nc3 d5 4. Bf4 Bg7 5. Qd2 Ne4 6. Nxe4 dxe4 7. Ne5 Nd7 8.
O-O-O Nxe5 9. Bxe5 Bxe5 10. dxe5 Qxd2+ 11. Rxd2 O-O 12. e3 Be6 13. Be2 c5 14.
Kb1 Rfd8 15. Rhd1 Rxd2 16. Rxd2 Kg7 17. g3 g5 18. b3 Kg6 19. g4 h5 20. gxh5+
Kf5 21. Kb2 Kxe5 22. Kc3 Rh8 23. Rd1 g4 24. Rg1 Rxh5 25. Rg2 a6 26. Kd2 f5 27.
Ke1 Rh8 28. Kd2 Bd5 29. Ke1 Kf6 30. Kf1 Bf7 31. Ke1 e5 32. Kd2 Be6 33. Ke1 Kg5
34. Kf1 f4 0-1

[Event "Württ Kandidatenturnier"]
[Site "Stuttgart"]
[Date "2015.08.30"]
[Round "2.20"]
[White "Lenz, Reiner"]
[Black "Tölg, Wolfgang"]
[Result "1/2-1/2"]
[WhiteElo "1855"]
[BlackElo "1691"]
[PlyCount "54"]
[EventDate "2015.??.??"]
[EventCountry "GER"]
[WhiteTeam "SC Grunbach"]
[BlackTeam "SF Oeffingen"]

1. Nf3 d5 2. b3 c5 3. Bb2 Nc6 4. e3 Bg4 5. d4 Nf6 6. a3 Qd6 7. Be2 e6 8. O-O
Be7 9. Nbd2 O-O 10. h3 Bh5 11. Ne5 Bg6 12. Nxg6 hxg6 13. Nf3 Ne4 14. c4 cxd4
15. exd4 f5 16. c5 Qc7 17. b4 a6 18. Qd3 Kf7 19. Nd2 Rh8 20. Nxe4 dxe4 21. Qb3
Bf6 22. Bc4 Nxd4 23. Bxd4 Bxd4 24. Bxe6+ Kf6 25. Rad1 Rad8 26. Bd5 Be5 27. Rd2
Bf4 1/2-1/2

[Event "Württ Kandidatenturnier"]
[Site "Stuttgart"]
[Date "2015.08.30"]
[Round "2.21"]
[White "Nam, Seung-Zin"]
[Black "Stark, Timo"]
[Result "1/2-1/2"]
[WhiteElo "1608"]
[BlackElo "1851"]
[PlyCount "37"]
[EventDate "2015.??.??"]
[EventCountry "GER"]
[WhiteTeam "SK Bebenhausen"]
[BlackTeam "SC Neckarsulm"]

1. d4 {[%emt 0:00:00]} b6 {[%emt 0:00:00]} 2. Nf3 {[%emt 0:00:00]} Bb7 {[%emt
0:00:00]} 3. e3 {[%emt 0:00:00]} e6 {[%emt 0:00:00]} 4. Bd3 {[%emt 0:00:00]}
Nf6 {[%emt 0:00:00]} 5. Nbd2 {[%emt 0:00:00]} d5 {[%emt 0:00:00]} 6. O-O {
[%emt 0:00:00]} Nbd7 {[%emt 0:00:00]} 7. b3 {[%emt 0:00:00]} c5 {[%emt 0:00:00]
} 8. Bb2 {[%emt 0:00:00]} Bd6 {[%emt 0:00:00]} 9. Rc1 {[%emt 0:00:00]} O-O {
[%emt 0:00:00]} 10. Ne5 {[%emt 0:00:00]} Ne4 {[%emt 0:00:00]} 11. Nxd7 {[%emt
0:00:00]} Qxd7 {[%emt 0:00:00]} 12. dxc5 {[%emt 0:00:00]} Nxc5 {[%emt 0:00:00]}
13. Bxh7+ {[%emt 0:00:00]} Kxh7 {[%emt 0:00:00]} 14. Qh5+ {[%emt 0:00:00]} Kg8
{[%emt 0:00:00]} 15. Bxg7 {[%emt 0:00:05]} Kxg7 {[%emt 0:00:00]} 16. Qg5+ {
[%emt 0:00:00]} Kh7 {[%emt 0:00:00]} 17. Qh5+ {[%emt 0:00:00]} Kg7 {[%emt 0:00:
00]} 18. Qg5+ {[%emt 0:00:00]} Kh7 {[%emt 0:00:00]} 19. Qh5+ {[%emt 0:00:00]}
1/2-1/2

[Event "Württ Kandidatenturnier"]
[Site "Stuttgart"]
[Date "2015.08.31"]
[Round "3.1"]
[White "Mareck, Sascha"]
[Black "Klaus, Dominik"]
[Result "1/2-1/2"]
[WhiteElo "2165"]
[BlackElo "1980"]
[PlyCount "70"]
[EventDate "2015.??.??"]
[EventCountry "GER"]
[WhiteTeam "SV Nürtingen"]
[BlackTeam "Ssg Fils-Lauter"]

1. d4 d5 2. c4 c6 3. Nf3 Nf6 4. g3 Bf5 5. Bg2 e6 6. O-O Bd6 7. Nc3 O-O 8. Qb3
Qb6 9. c5 Qxb3 10. axb3 Bc7 11. Nh4 Bg6 12. Nxg6 hxg6 13. b4 e5 14. e3 Nbd7 15.
b5 a6 16. bxc6 bxc6 17. Ra2 Rfb8 18. Bd2 Rb3 19. Rfa1 Nb8 20. Ne2 Ne4 21. Be1
f5 22. Nc1 Rb7 23. Nd3 exd4 24. exd4 Kf7 25. Ba5 Bxa5 26. Rxa5 Nd2 27. Ne5+ Kf6
28. R1a2 Nb3 29. R5a4 Nxd4 30. Ng4+ fxg4 31. Rxd4 Nd7 32. Bxd5 cxd5 33. c6 Rc7
34. cxd7 Rxd7 35. Ra5 Ke5 1/2-1/2

[Event "Württ Kandidatenturnier"]
[Site "Stuttgart"]
[Date "2015.08.31"]
[Round "3.2"]
[White "Kunert, Günter"]
[Black "Heer, Till"]
[Result "1-0"]
[WhiteElo "2040"]
[BlackElo "1912"]
[PlyCount "73"]
[EventDate "2015.??.??"]
[EventCountry "GER"]
[WhiteTeam "SV Dicker Turm Esslingen"]
[BlackTeam "SF Kornwestheim"]

1. e4 c5 2. c3 Nf6 3. e5 Nd5 4. d4 e6 5. Nf3 cxd4 6. Qxd4 Nc6 7. Qe4 f5 8. exf6
Nxf6 9. Qc2 b6 10. Bd3 Bb7 11. Bg5 Qc7 12. Bxh7 O-O-O 13. Bd3 Ne5 14. Nbd2
Nxd3+ 15. Qxd3 e5 16. Qf5 e4 17. Ne5 Re8 18. Bxf6 gxf6 19. Ng4 Bc5 20. O-O-O
Re6 21. Nb3 Ba3 22. bxa3 Qxc3+ 23. Kb1 Ba6 24. Nc1 Rc6 25. Qxd7+ Kb8 26. Qd2
Qxa3 27. Qb2 Qa4 28. Rd4 Qa5 29. Rxe4 Qf5 30. f3 Rhc8 31. Rd1 Rxc1+ 32. Rxc1
Bd3+ 33. Ka1 Rxc1+ 34. Qxc1 Bxe4 35. Qc3 Bd3 36. Qxf6 Qc5 37. Qe5+ 1-0

[Event "Württ Kandidatenturnier"]
[Site "Stuttgart"]
[Date "2015.08.31"]
[Round "3.3"]
[White "Pflaum, Stefan"]
[Black "Löwe, Joachim"]
[Result "1/2-1/2"]
[WhiteElo "2064"]
[BlackElo "1936"]
[PlyCount "55"]
[EventDate "2015.??.??"]
[EventCountry "GER"]
[WhiteTeam "SC Botnang"]
[BlackTeam "SK Schmiden/Cannstatt"]

1. d4 Nf6 2. c4 e6 3. Nf3 c5 4. d5 d6 5. Nc3 e5 6. e4 Be7 7. Bd3 Bd7 8. O-O Na6
9. h3 Nb4 10. Be2 O-O 11. a3 Na6 12. Be3 Ne8 13. Qd2 f5 14. exf5 Bxf5 15. Nh2
e4 16. f4 exf3 17. Rxf3 Bg6 18. Rxf8+ Bxf8 19. Bd3 Bxd3 20. Qxd3 Nf6 21. Bg5
Be7 22. Re1 h6 23. Bh4 Nc7 24. Qe2 Kf8 25. Rf1 Kg8 26. Be1 Qd7 27. Bd2 Re8 28.
Qf3 1/2-1/2

[Event "Württ Kandidatenturnier"]
[Site "Stuttgart"]
[Date "2015.08.31"]
[Round "3.4"]
[White "Imhof, Thomas"]
[Black "Wendler, Werner"]
[Result "0-1"]
[WhiteElo "1950"]
[BlackElo "2056"]
[PlyCount "60"]
[EventDate "2015.??.??"]
[EventCountry "GER"]
[WhiteTeam "SGem Vaihingen-Rohr"]
[BlackTeam "SK Bebenhausen"]

1. g3 d5 2. Bg2 g6 3. Nf3 Bg7 4. c4 d4 5. d3 e5 6. O-O Ne7 7. b4 O-O 8. Bb2 Nd7
9. e3 dxe3 10. fxe3 e4 11. Bxg7 exf3 12. Bxf8 fxg2 13. Kxg2 Qxf8 14. d4 Qg7 15.
Nc3 b6 16. Qd3 Bb7+ 17. Kg1 f5 18. e4 c5 19. dxc5 Ne5 20. Qd6 fxe4 21. Qe6+ Kh8
22. Rac1 Nf3+ 23. Kh1 Ng5 24. Qg4 Qe5 25. cxb6 h5 26. Qd7 Bc6 27. Qc7 e3+ 28.
Ne4 Qxe4+ 29. Rf3 Qxf3+ 30. Kg1 Nh3# 0-1

[Event "Württ Kandidatenturnier"]
[Site "Stuttgart"]
[Date "2015.08.31"]
[Round "3.5"]
[White "Andreev, Vlad"]
[Black "Klaus, Daniel"]
[Result "1-0"]
[WhiteElo "2046"]
[BlackElo "1933"]
[PlyCount "67"]
[EventDate "2015.??.??"]
[EventCountry "GER"]
[WhiteTeam "SF Pfullingen"]
[BlackTeam "SC Feuerbach"]

1. d4 d5 2. c4 c6 3. Nc3 Nf6 4. e3 g6 5. Nf3 Bg7 6. Qb3 O-O 7. Bd2 e6 8. Bd3
Nbd7 9. Ne2 dxc4 10. Bxc4 Ne4 11. Rd1 Nxd2 12. Rxd2 Qe7 13. O-O b5 14. Bd3 Bb7
15. Bb1 e5 16. Rfd1 Rad8 17. d5 cxd5 18. Qxb5 Nb6 19. Nc3 d4 20. exd4 Bxf3 21.
gxf3 exd4 22. Ne2 Rd5 23. Qd3 Qh4 24. Qe4 Rg5+ 25. Ng3 Qh3 26. Qf4 h6 27. Bd3
Be5 28. Qe4 f5 29. Qxe5 f4 30. Qxd4 fxg3 31. Bc4+ Kh7 32. fxg3 Rxf3 33. Bf1 Qc8
34. Bg2 1-0

[Event "Württ Kandidatenturnier"]
[Site "Stuttgart"]
[Date "2015.08.31"]
[Round "3.6"]
[White "Bangert, Udo"]
[Black "Maisch, Julian"]
[Result "0-1"]
[WhiteElo "1917"]
[BlackElo "2042"]
[PlyCount "94"]
[EventDate "2015.??.??"]
[EventCountry "GER"]
[WhiteTeam "SC Grunbach"]
[BlackTeam "SF Kornwestheim"]

1. d4 Nf6 2. c4 g6 3. Nc3 Bg7 4. e4 d6 5. Nf3 O-O 6. Be2 e5 7. O-O Nc6 8. d5
Ne7 9. b4 Ne8 10. g3 h6 11. Nh4 g5 12. Ng2 f5 13. f3 f4 14. g4 Nf6 15. Qb3 Ng6
16. h3 Rf7 17. Bd2 h5 18. a4 Bf8 19. Kf2 Be7 20. Ke1 Qf8 21. Kd1 hxg4 22. hxg4
Nxg4 23. Nb5 Nh2 24. Nxc7 Nxf1 25. Bxf1 Rb8 26. Ne6 Bxe6 27. dxe6 Rh7 28. c5
dxc5 29. bxc5 Qd8 30. Ke2 Qd4 31. Rc1 Rh2 32. c6 Rd8 33. Ba5 b6 34. c7 Rc8 35.
Rd1 Qe3+ 36. Qxe3 fxe3 37. Bb4 Rxc7 38. Bxe7 Rxe7 39. Kxe3 Nf4 40. Rd8+ Kg7 41.
Nxf4 gxf4+ 42. Kd3 Rf2 43. Be2 Rxe6 44. Bd1 Rc6 45. Be2 Kf6 46. Kd2 Rh2 47. Kd1
Ke7 0-1

[Event "Württ Kandidatenturnier"]
[Site "Stuttgart"]
[Date "2015.08.31"]
[Round "3.7"]
[White "Schreiber, Hans"]
[Black "Quernheim, Daniel"]
[Result "0-1"]
[WhiteElo "1892"]
[BlackElo "2035"]
[PlyCount "92"]
[EventDate "2015.??.??"]
[EventCountry "GER"]
[WhiteTeam "SV Dicker Turm Esslingen"]
[BlackTeam "SC Botnang"]

1. Nf3 b6 2. g3 Bb7 3. Bg2 f5 4. c4 Nf6 5. O-O g6 6. d3 Bg7 7. Nc3 O-O 8. Qc2
Nc6 9. a3 e6 10. b4 Ng4 11. Bb2 Rb8 12. Nb5 Nge5 13. Rad1 a6 14. Nxe5 Nxe5 15.
Bxb7 Rxb7 16. d4 Ng4 17. Nc3 Qg5 18. h3 Ne3 19. Qd3 Nxd1 20. Rxd1 f4 21. Ne4
Qh5 22. g4 Qh4 23. Kg2 d5 24. Nd2 Qd8 25. Nf3 a5 26. e4 fxe3 27. fxe3 dxc4 28.
Qxc4 Qd5 29. Qxd5 exd5 30. Ne5 axb4 31. axb4 Ra7 32. Nc6 Ra2 33. Rb1 Kf7 34. b5
Ke6 35. Nb4 Ra4 36. Bc3 Ra3 37. Rc1 Bh6 38. Bd2 Bxe3 39. Rc6+ Kd7 40. Bxe3 Rxe3
41. Rxc7+ Kxc7 42. Nxd5+ Kd6 43. Nxe3 Rf4 44. Nc2 Kd5 45. Kg3 Rf8 46. g5 Rc8
0-1

[Event "Württ Kandidatenturnier"]
[Site "Stuttgart"]
[Date "2015.08.31"]
[Round "3.8"]
[White "Mayer, Dietmar"]
[Black "Meier, Michael"]
[Result "0-1"]
[WhiteElo "1747"]
[BlackElo "2013"]
[PlyCount "102"]
[EventDate "2015.??.??"]
[EventCountry "GER"]
[WhiteTeam "SC Böblingen"]
[BlackTeam "SSV Zuffenhausen"]

1. c4 Nf6 2. g3 g6 3. Bg2 Bg7 4. Nc3 O-O 5. d3 d6 6. e4 Nc6 7. Nge2 e5 8. O-O
Be6 9. Nd5 Qd7 10. Bg5 Ne8 11. Qd2 f5 12. exf5 Bxf5 13. b4 e4 14. dxe4 Bxa1 15.
exf5 Bg7 16. b5 Ne5 17. Ne7+ Kh8 18. Bxb7 Rb8 19. Bc6 Qxc6 20. Nxc6 Nf3+ 21.
Kg2 Nxd2 22. Bxd2 Ra8 23. fxg6 hxg6 24. Ned4 Rf7 25. Ne6 a6 26. Nxg7 Nxg7 27.
Ra1 axb5 28. cxb5 Ra4 29. a3 Kh7 30. Bb4 Rf5 31. Nd4 Rd5 32. Rd1 Nf5 33. Nxf5
Rxd1 34. Ne7 Kg7 35. Nc6 Rd5 36. Bc3+ Kf7 37. Nd8+ Ke7 38. Nc6+ Kd7 39. Nb4
Rxb5 40. h4 Rxa3 41. Bd2 c5 42. Nd5 c4 43. Nc3 Rxc3 44. Bxc3 Rb3 45. Bf6 c3 46.
Bg5 c2 47. g4 Rb1 48. h5 gxh5 49. gxh5 c1=Q 50. Bxc1 Rxc1 51. h6 Rc5 0-1

[Event "Württ Kandidatenturnier"]
[Site "Stuttgart"]
[Date "2015.08.31"]
[Round "3.9"]
[White "Wendler, David"]
[Black "Schuster, Gerhard"]
[Result "1/2-1/2"]
[WhiteElo "1857"]
[BlackElo "2011"]
[PlyCount "86"]
[EventDate "2015.??.??"]
[EventCountry "GER"]
[WhiteTeam "SK Bebenhausen"]
[BlackTeam "SC Feuerbach"]

1. c4 e5 2. g3 Nf6 3. Bg2 Nc6 4. Nc3 Bb4 5. Nd5 O-O 6. e3 Re8 7. Ne2 d6 8. O-O
Bf5 9. a3 Bc5 10. d4 Bb6 11. Nxf6+ Qxf6 12. d5 Ne7 13. e4 Bg4 14. h3 Bf3 15.
Qd3 Bxg2 16. Kxg2 Qg6 17. g4 h5 18. f3 f6 19. Bd2 Kf7 20. Ng3 Rh8 21. b4 Rh7
22. Rh1 Rah8 23. a4 Bd4 24. Rac1 b6 25. Qa3 hxg4 26. hxg4 Rxh1 27. Rxh1 Rxh1
28. Kxh1 Bf2 29. Kg2 Bxg3 30. Kxg3 f5 31. Qd3 fxe4 32. fxe4 Ke8 33. Qf3 Qf6 34.
Qxf6 gxf6 35. b5 Kf7 36. a5 Kg6 37. a6 Ng8 38. Kh4 Ne7 39. Be3 Ng8 40. Bd2 Ne7
41. Be3 Kg7 42. Kg3 Kf7 43. Bd2 Kg6 1/2-1/2